| 000 | 00406nam a2200145 a 4500 | ||
|---|---|---|---|
| 005 | 20140412111326.0 | ||
| 008 | 110128s19uu xx 00 eng d | ||
| 020 | _a0-590-27051-6 | ||
| 050 |
_aTR(GS 372.7 _bK124 1997 |
||
| 100 | _aKallick, Bena | ||
| 245 |
_aHow to assess Problem - Solving Skills in Math / _cBena Kallick. |
||
| 260 |
_aU.S.A : _bScholastic, _c1997. |
||
| 300 | _a136p. | ||
| 999 |
_c104667 _d104667 |
||